000 00234 a2200097 4500
020 _a9786077380856
041 _aspa
100 _aSiglain, Michael
245 _aCapitan america y el soldado del invierno, rescate en el mar
942 _cBK
999 _c30879
_d30877